00371cam a22000857a 4500008004000000245014600040260005000186300000900236700004000245180718b1979 xxu||||| |||| 00| 0 eng d aIndian standard recommendations for bibliographical references : essential and supplementary elementscby Indian Standrads Institution, India aNew DelhibIndian Standrads Institutionc1979 a16p. aIndia. Indian Standrads Institution